000 00312nam a2200133Ia 4500
005 20251222152045.0
008 251222s9999||||xx |||||||||||||| ||spa||
020 _a401889
082 _a630/I59
245 0 _aTécnica Pecuaria en México
250 _a1ra.ed.
264 _bPrint and Pack Masters
942 _cLIB
999 _c26209
_d26209